书目信息 |
| 题名: |
近代早期英国的服饰与社会变迁
|
|
| 作者: | 谭赛花 著 | |
| 分册: | ||
| 出版信息: | 长沙 湖南人民出版社 2015.3 |
|
| 页数: | 191页 | |
| 开本: | 21cm | |
| 丛书名: | ||
| 单 册: | ||
| 中图分类: | D756.1 | |
| 科图分类: | ||
| 主题词: | 服饰--Fu Shi--关系--社会变迁--研究--英国--近代 , 关系--Guan Xi , 社会变迁--She Hui Bian Qian , 研究--Yan Jiu , 英国--Ying Guo | |
| 电子资源: | ||
| ISBN: | 978-7-5561-0428-4 | |
| 000 | 01226nam0 22003011 450 | |
| 001 | 350494 | |
| 005 | 20161011143044.62 | |
| 010 | @a978-7-5561-0428-4@dCNY28.00 | |
| 100 | @a20141024d2015 kemy0chiy50 ea | |
| 101 | 0 | @achi |
| 102 | @aCN@b430000 | |
| 105 | @aa v 000yy | |
| 106 | @ar | |
| 200 | 1 | @a近代早期英国的服饰与社会变迁@AJin Dai Zao Qi Ying Guo De Fu Shi Yu She Hui Bian Qian@dDress and social changes in early modern England@f谭赛花著@zeng |
| 210 | @a长沙@c湖南人民出版社@d2015.3 | |
| 215 | @a191页@c图@d21cm | |
| 300 | @a湖南师范大学博士出版基金资助 湖南省第十六届优秀社会科学学术著作出版资助立项 教育部人文社会科学研究青年基金项目资助 | |
| 330 | @a本书对近代早期英国的服饰与社会变迁进行了研究,主要内容包括:近代早期英国服饰的变化、服饰与英国社会的政治变革、服饰与英国社会经济的发展等。 | |
| 510 | 1 | @aDress and social changes in early modern England@zeng |
| 606 | 0 | @a服饰@AFu Shi@x关系@x社会变迁@x研究@y英国@z近代 |
| 606 | 0 | @a关系@AGuan Xi |
| 606 | 0 | @a社会变迁@AShe Hui Bian Qian |
| 606 | 0 | @a研究@AYan Jiu |
| 606 | 0 | @a英国@AYing Guo |
| 690 | @aD756.1@v5 | |
| 701 | 0 | @a谭赛花@ATan Sai Hua@c(女,@f1983~)@4著 |
| 801 | 0 | @aCN@bTANGWEI@c20160804 |
| 905 | @b0890315-9@dD756.1@e383@f5 | |
| 近代早期英国的服饰与社会变迁=Dress and social changes in early modern England/谭赛花著.-长沙:湖南人民出版社,2015.3 |
| 191页:图;21cm |
| 湖南师范大学博士出版基金资助 湖南省第十六届优秀社会科学学术著作出版资助立项 教育部人文社会科学研究青年基金项目资助 |
| ISBN 978-7-5561-0428-4:CNY28.00 |
| 本书对近代早期英国的服饰与社会变迁进行了研究,主要内容包括:近代早期英国服饰的变化、服饰与英国社会的政治变革、服饰与英国社会经济的发展等。 |
| ● |
| 相关链接 |
|
|
|
|
正题名:近代早期英国的服饰与社会变迁
索取号:D756.1/383
 
预约/预借
| 序号 | 登录号 | 条形码 | 馆藏地/架位号 | 状态 | 备注 |
| 1 | 0890315 | 208903150 | 第一样本阅览室/ [索取号:D756.1/383] | 在馆 | |
| 2 | 0890316 | 208903169 | 第一借阅区/ [索取号:D756.1/383] | 在馆 | |
| 3 | 0890317 | 208903178 | 第一借阅区/ [索取号:D756.1/383] | 在馆 | |
| 4 | 0890318 | 208903187 | 第一借阅区/ [索取号:D756.1/383] | 在馆 | |
| 5 | 0890319 | 208903196 | 第一借阅区/ [索取号:D756.1/383] | 在馆 |